[Event "WCO2014"]
[Site "Tromso"]
[Date "2014.08.05"]
[Round "4.22"]
[WhiteID "21500029"]
[White "Al Habeeb Emad"]
[BlackID "13100424"]
[Black "Rajaonarison Faniry"]
[Result "0-1"]
[LiveChessVersion "1.4.3"]
[BlackElo "2112"]
[WhiteElo "2044"]

1. e4 {[%clk 1:30:52]} c5 {[%clk 1:30:41]} 2. d4 {[%clk 1:30:51]} cxd4
{[%clk 1:31:02]} 3. c3 d3 4. Bxd3 {[%clk 1:29:34]} d6 {[%clk 1:29:58]} 5. Nf3
{[%clk 1:26:43]} Nd7 {[%clk 1:27:27]} 6. Be3 {[%clk 1:25:18]} Ngf6
{[%clk 1:27:36]} 7. h3 {[%clk 1:25:21]} g6 {[%clk 1:27:39]} 8. Nbd2
{[%clk 1:23:26]} Bg7 {[%clk 1:27:41]} 9. O-O {[%clk 1:22:55]} O-O
{[%clk 1:28:02]} 10. Nb3 {[%clk 1:22:54]} b6 {[%clk 1:27:41]} 11. Re1
{[%clk 1:20:40]} Bb7 {[%clk 1:27:20]} 12. Bg5 {[%clk 1:18:23]} Rc8
{[%clk 1:24:28]} 13. Qd2 {[%clk 1:17:00]} Qc7 {[%clk 1:16:23]} 14. Rad1
{[%clk 1:13:13]} Rfd8 {[%clk 1:13:42]} 15. Bh6 {[%clk 1:08:42]} Ne5
{[%clk 1:11:21]} 16. Nxe5 dxe5 17. Bxg7 {[%clk 0:54:05]} Kxg7 {[%clk 1:11:47]}
18. Qe3 {[%clk 0:53:54]} Rd7 {[%clk 1:09:32]} 19. Nd2 {[%clk 0:50:50]} Rcd8
{[%clk 1:08:52]} 20. Bc2 {[%clk 0:47:35]} e6 {[%clk 1:02:17]} 21. Kh1
{[%clk 0:45:32]} h6 {[%clk 0:41:51]} 22. f3 {[%clk 0:41:08]} Nh5 {[%clk 0:41:29]}
23. Nf1 {[%clk 0:38:41]} Ba6 {[%clk 0:40:40]} 24. Nh2 {[%clk 0:38:35]} Nf4
{[%clk 0:37:00]} 25. Ng4 {[%clk 0:37:37]} Rxd1 {[%clk 0:30:29]} 26. Rxd1
{[%clk 0:24:18]} Rxd1+ {[%clk 0:30:50]} 27. Bxd1 {[%clk 0:24:23]} h5
{[%clk 0:31:12]} 28. Nh2 {[%clk 0:22:39]} Qd8 {[%clk 0:30:50]} 29. Bc2
{[%clk 0:22:41]} Qh4 {[%clk 0:24:13]} 30. a4 {[%clk 0:15:52]} Ne2
{[%clk 0:23:05]} 31. g3 {[%clk 0:06:20]} Qxg3 {[%clk 0:22:47]} 32. Nf1
{[%clk 0:05:02]} Qe1 {[%clk 0:22:42]} 33. Kh2 {[%clk 0:03:12]} Qxf1 0-1

[Event "WCO2014"]
[Site "Tromso"]
[Date "2014.08.05"]
[Round "4.23"]
[WhiteID "13100050"]
[White "Rakotomaharo Fy Antenaina"]
[BlackID "21500193"]
[Black "Al Mutairi Hassan S"]
[Result "1-0"]
[LiveChessVersion "1.4.3"]
[BlackElo "2075"]
[WhiteElo "2253"]

1. d4 {[%clk 1:30:53]} d5 {[%clk 1:30:22]} 2. c4 {[%clk 1:31:04]} Bf5
{[%clk 1:29:15]} 3. cxd5 {[%clk 1:30:57]} Bxb1 {[%clk 1:29:01]} 4. Qa4+
{[%clk 1:31:16]} c6 {[%clk 1:29:28]} 5. dxc6 {[%clk 1:31:30]} Nxc6
{[%clk 1:29:52]} 6. Rxb1 {[%clk 1:31:53]} e5 {[%clk 1:30:06]} 7. Bd2
{[%clk 1:32:09]} Qxd4 {[%clk 1:30:28]} 8. Qxd4 {[%clk 1:30:20]} exd4
{[%clk 1:25:38]} 9. b4 {[%clk 1:27:11]} Nf6 {[%clk 1:17:49]} 10. b5
{[%clk 1:18:53]} Ne5 {[%clk 1:16:20]} 11. Nf3 {[%clk 1:19:13]} Nxf3+
{[%clk 1:13:17]} 12. exf3 {[%clk 1:19:27]} Bc5 {[%clk 1:13:26]} 13. Bc4
{[%clk 1:18:18]} O-O {[%clk 1:13:27]} 14. O-O {[%clk 1:18:32]} Rfe8
{[%clk 1:04:18]} 15. Rfe1 {[%clk 1:14:39]} h6 {[%clk 1:00:04]} 16. g4
{[%clk 1:13:36]} Rxe1+ {[%clk 0:56:26]} 17. Rxe1 {[%clk 1:13:55]} Re8
{[%clk 0:56:54]} 18. Rc1 {[%clk 1:13:57]} b6 {[%clk 0:57:03]} 19. h4
{[%clk 1:13:48]} Nd7 {[%clk 0:57:01]} 20. f4 {[%clk 1:11:38]} Nf6
{[%clk 0:52:39]} 21. g5 {[%clk 1:08:30]} hxg5 {[%clk 0:52:27]} 22. fxg5
{[%clk 1:07:43]} Ne4 {[%clk 0:52:37]} 23. g6 {[%clk 1:07:13]} Nd6
{[%clk 0:49:52]} 24. gxf7+ {[%clk 1:06:11]} Nxf7 {[%clk 0:50:16]} 25. Rb1
{[%clk 0:50:44]} Kf8 {[%clk 0:48:21]} 26. Kg2 {[%clk 0:28:25]} Re4
{[%clk 0:33:10]} 27. f4 {[%clk 0:27:10]} Nh6 {[%clk 0:22:05]} 28. Kf3
{[%clk 0:27:03]} Re8 {[%clk 0:22:25]} 29. Bd3 {[%clk 0:27:17]} Kf7
{[%clk 0:21:58]} 30. Rg1 {[%clk 0:27:30]} Kf8 {[%clk 0:19:42]} 31. Rg6
{[%clk 0:26:27]} Nf7 {[%clk 0:19:05]} 32. h5 {[%clk 0:25:26]} Nh8
{[%clk 0:18:19]} 33. Rc6 {[%clk 0:24:43]} Nf7 {[%clk 0:17:57]} 34. Bg6
{[%clk 0:23:37]} Ra8 {[%clk 0:15:40]} 35. Rc7 {[%clk 0:17:51]} Nd6
{[%clk 0:13:07]} 36. Bd3 {[%clk 0:18:16]} Ne8 {[%clk 0:12:37]} 37. Rb7
{[%clk 0:18:28]} Nd6 {[%clk 0:13:04]} 38. Rd7 {[%clk 0:18:53]} Kg8
{[%clk 0:12:22]} 39. f5 {[%clk 0:16:38]} Rf8 {[%clk 0:11:47]} 40. Kg4
{[%clk 0:17:04]} Kh8 {[%clk 0:10:48]} 41. Rxa7 {[%clk 0:17:01]} Nf7
{[%clk 0:11:12]} 42. Bf4 {[%clk 0:17:19]} Nd6 {[%clk 0:10:41]} 43. h6
{[%clk 0:16:55]} Ne8 {[%clk 0:08:27]} 44. hxg7+ {[%clk 0:16:52]} Nxg7
{[%clk 0:08:53]} 45. Be5 {[%clk 0:17:16]} 1-0

[Event "WCO2014"]
[Site "Tromso"]
[Date "2014.08.05"]
[Round "4.17"]
[WhiteID "10800174"]
[White "Gateri Martin"]
[BlackID "14800047"]
[Black "Alice Mateus Felizardo Viageiro"]
[Result "0-1"]
[LiveChessVersion "1.4.3"]
[BlackElo "2121"]
[WhiteElo "2064"]

1. d4 {[%clk 1:30:49]} Nf6 {[%clk 1:30:53]} 2. Nf3 {[%clk 1:30:51]} e6
{[%clk 1:31:15]} 3. c4 {[%clk 1:30:36]} b6 {[%clk 1:31:41]} 4. Nc3
{[%clk 1:28:55]} Bb7 {[%clk 1:32:02]} 5. Bg5 {[%clk 1:25:22]} h6 {[%clk 1:31:59]}
6. Bd2 {[%clk 1:18:54]} d5 {[%clk 1:29:56]} 7. e3 {[%clk 1:18:57]} Nbd7
{[%clk 1:30:05]} 8. cxd5 {[%clk 1:18:38]} exd5 {[%clk 1:30:19]} 9. Be2
{[%clk 1:18:23]} Bd6 {[%clk 1:29:21]} 10. Rc1 {[%clk 1:17:17]} a6
{[%clk 1:29:27]} 11. Nh4 {[%clk 1:17:27]} c5 {[%clk 1:25:47]} 12. Nf5
{[%clk 1:17:50]} Bf8 {[%clk 1:26:11]} 13. O-O {[%clk 1:17:12]} g6
{[%clk 1:24:25]} 14. Ng3 {[%clk 1:11:37]} Bg7 {[%clk 1:24:43]} 15. Bd3
{[%clk 1:10:04]} O-O {[%clk 1:18:41]} 16. Nce2 {[%clk 1:03:51]} c4
{[%clk 1:17:14]} 17. Bb1 {[%clk 1:04:02]} b5 {[%clk 1:17:36]} 18. Nf4
{[%clk 1:01:10]} Re8 {[%clk 1:15:38]} 19. f3 {[%clk 1:00:30]} Nf8
{[%clk 1:15:24]} 20. Re1 {[%clk 0:59:21]} Qb6 {[%clk 1:10:58]} 21. Bb4
{[%clk 0:58:54]} a5 {[%clk 1:09:03]} 22. Bc5 {[%clk 0:58:18]} Qc7
{[%clk 1:08:44]} 23. Bxf8 {[%clk 0:55:47]} Bxf8 {[%clk 1:08:12]} 24. Nh3
{[%clk 0:51:17]} Bd6 {[%clk 1:02:39]} 25. f4 {[%clk 0:51:19]} b4 {[%clk 1:01:14]}
26. Nf2 {[%clk 0:51:20]} Qd7 {[%clk 0:59:57]} 27. Qf3 {[%clk 0:51:17]} Rac8
{[%clk 0:55:40]} 28. h3 {[%clk 0:50:21]} a4 {[%clk 0:49:32]} 29. Ng4
{[%clk 0:50:35]} Nxg4 {[%clk 0:48:57]} 30. hxg4 {[%clk 0:50:58]} b3
{[%clk 0:38:04]} 31. axb3 {[%clk 0:50:04]} cxb3 {[%clk 0:37:00]} 32. Rcd1
{[%clk 0:49:58]} Bb4 {[%clk 0:36:28]} 33. Re2 {[%clk 0:48:28]} Ba6
{[%clk 0:36:45]} 34. Rf2 {[%clk 0:48:36]} Rc6 {[%clk 0:24:27]} 35. f5
{[%clk 0:48:13]} Rb6 {[%clk 0:13:47]} 36. f6 {[%clk 0:47:11]} Ree6
{[%clk 0:09:54]} 37. Qf4 {[%clk 0:47:03]} Rxf6 {[%clk 0:09:32]} 38. Qxh6
{[%clk 0:47:02]} Qxg4 {[%clk 0:09:36]} 39. Rdf1 {[%clk 0:41:39]} Bxf1
{[%clk 0:09:20]} 40. Nxf1 {[%clk 0:41:59]} Rxf2 {[%clk 0:09:33]} 41. Kxf2
{[%clk 0:42:19]} Rf6+ {[%clk 0:09:54]} 42. Kg1 {[%clk 0:42:38]} Rxf1+
{[%clk 0:09:08]} 43. Kxf1 {[%clk 0:43:02]} Qd1+ {[%clk 0:09:31]} 0-1

[Event "WCO2014"]
[Site "Tromso"]
[Date "2014.08.05"]
[Round "4.18"]
[WhiteID "14800080"]
[White "Mucongoma Miguel Jose Maconi"]
[BlackID "10800166"]
[Black "Magana Ben"]
[Result "1-0"]
[LiveChessVersion "1.4.3"]
[BlackElo "2085"]
[WhiteElo "2194"]

1. Nf3 {[%clk 1:30:57]} Nc6 {[%clk 1:28:33]} 2. d4 {[%clk 1:31:19]} d5
{[%clk 1:28:31]} 3. g3 {[%clk 1:31:44]} Bf5 {[%clk 1:26:11]} 4. Bg2
{[%clk 1:32:03]} Nf6 {[%clk 1:24:14]} 5. O-O {[%clk 1:30:15]} e6 {[%clk 1:15:58]}
6. c4 {[%clk 1:30:38]} Be7 {[%clk 1:14:42]} 7. Nc3 {[%clk 1:30:53]} O-O
{[%clk 1:13:46]} 8. Ne5 {[%clk 1:30:11]} Na5 {[%clk 0:57:56]} 9. c5
{[%clk 1:26:27]} Nd7 {[%clk 0:54:58]} 10. Nxd7 {[%clk 1:17:49]} Qxd7
{[%clk 0:55:26]} 11. b4 {[%clk 1:18:15]} Nc4 {[%clk 0:49:07]} 12. Qb3
{[%clk 1:16:14]} c6 {[%clk 0:48:29]} 13. e4 {[%clk 1:13:47]} Bg6 {[%clk 0:48:44]}
14. Re1 {[%clk 1:14:09]} b5 {[%clk 0:44:21]} 15. a4 {[%clk 1:13:04]} a6
{[%clk 0:43:11]} 16. Bf4 {[%clk 1:13:27]} Bf6 {[%clk 0:40:31]} 17. e5
{[%clk 1:10:22]} Be7 {[%clk 0:40:30]} 18. Bf1 {[%clk 1:10:41]} Rfb8
{[%clk 0:39:41]} 19. Ra2 {[%clk 1:10:05]} Ra7 {[%clk 0:35:07]} 20. Rea1
{[%clk 1:09:12]} Rba8 {[%clk 0:31:48]} 21. Ne2 {[%clk 1:00:05]} Qb7
{[%clk 0:23:56]} 22. Nc1 {[%clk 0:59:12]} f6 {[%clk 0:17:32]} 23. Qc3
{[%clk 0:59:18]} Bf5 {[%clk 0:16:35]} 24. Nb3 {[%clk 0:59:24]} Bd8
{[%clk 0:13:05]} 25. h3 {[%clk 0:57:11]} Bc7 {[%clk 0:09:38]} 26. g4
{[%clk 0:57:24]} Bg6 {[%clk 0:09:10]} 27. Bg3 {[%clk 0:57:32]} Qb8
{[%clk 0:07:32]} 28. f4 {[%clk 0:51:53]} a5 {[%clk 0:04:24]} 29. axb5
{[%clk 0:51:45]} axb4 {[%clk 0:04:52]} 30. Rxa7 {[%clk 0:51:59]} Rxa7
{[%clk 0:05:16]} 31. Qxb4 {[%clk 0:51:51]} Rxa1 {[%clk 0:05:27]} 32. Nxa1
{[%clk 0:52:19]} Qxb5 {[%clk 0:05:27]} 33. Qxb5 {[%clk 0:49:41]} cxb5
{[%clk 0:05:55]} 34. Nb3 {[%clk 0:50:10]} Bc2 {[%clk 0:05:05]} 35. Na1
{[%clk 0:50:09]} b4 {[%clk 0:04:24]} 36. Nxc2 {[%clk 0:48:17]} b3
{[%clk 0:04:50]} 37. Bd3 {[%clk 0:48:27]} Nd2 {[%clk 0:00:58]} 38. Na3
{[%clk 0:48:03]} Nf3+ {[%clk 0:00:33]} 39. Kf2 {[%clk 0:45:38]} Nxd4
{[%clk 0:00:40]} 40. exf6 {[%clk 0:45:41]} gxf6 {[%clk 0:00:45]} 41. Nb5
{[%clk 0:44:58]} Nxb5 {[%clk 0:29:51]} 42. Bxb5 {[%clk 1:16:18]} Kg7
{[%clk 0:27:52]} 43. Ke3 {[%clk 1:16:13]} e5 {[%clk 0:28:12]} 44. Ba4
{[%clk 1:14:59]} b2 {[%clk 0:27:43]} 45. Bc2 {[%clk 1:15:26]} h6 {[%clk 0:26:08]}
46. fxe5 {[%clk 1:12:41]} fxe5 {[%clk 0:26:34]} 47. Be1 {[%clk 1:13:05]} Kf6
{[%clk 0:25:51]} 48. h4 {[%clk 1:13:32]} Bd8 {[%clk 0:25:17]} 49. Kd3
{[%clk 1:13:52]} Ke6 {[%clk 0:22:45]} 50. Bc3 {[%clk 1:10:35]} Bxh4
{[%clk 0:20:13]} 51. Bxb2 {[%clk 1:10:57]} Bf2 {[%clk 0:17:40]} 52. Ba3
{[%clk 1:10:14]} Kd7 {[%clk 0:13:25]} 53. Ba4+ {[%clk 1:09:37]} Kc7
{[%clk 0:12:42]} 54. Bb4 {[%clk 1:09:25]} Kb7 {[%clk 0:12:10]} 55. c6+
{[%clk 1:09:34]} Kc8 {[%clk 0:12:04]} 56. Bb3 {[%clk 1:08:47]} 1-0

[Event "WCO2014"]
[Site "Tromso"]
[Date "2014.08.05"]
[Round "4.19"]
[WhiteID "10800816"]
[White "Atwoli Joseph"]
[BlackID "14800268"]
[Black "Calicoca Wilton Inacio"]
[Result "1-0"]
[LiveChessVersion "1.4.3"]
[BlackElo "2218"]
[WhiteElo "2046"]

1. e4 {[%clk 1:30:59]} e5 {[%clk 1:30:59]} 2. Bc4 {[%clk 1:31:24]} Nc6
{[%clk 1:31:18]} 3. Nf3 {[%clk 1:31:53]} Be7 {[%clk 1:30:05]} 4. d4
{[%clk 1:31:48]} d6 {[%clk 1:23:40]} 5. dxe5 {[%clk 1:29:22]} dxe5
{[%clk 1:21:05]} 6. Qxd8+ {[%clk 1:27:13]} Bxd8 {[%clk 1:21:30]} 7. Nc3
{[%clk 1:27:38]} Nf6 {[%clk 1:13:46]} 8. Bg5 {[%clk 1:26:48]} Bg4
{[%clk 1:08:52]} 9. Nd2 {[%clk 1:20:46]} Nd4 {[%clk 1:09:01]} 10. Bd3
{[%clk 1:19:57]} c6 {[%clk 1:09:16]} 11. Nc4 {[%clk 1:15:38]} Bc7
{[%clk 1:03:46]} 12. f4 exf4 {[%clk 0:51:23]} 13. e5 {[%clk 1:02:49]} Nh5
{[%clk 0:51:17]} 14. O-O {[%clk 0:57:04]} f3 {[%clk 0:47:58]} 15. Ne4
{[%clk 0:54:35]} O-O {[%clk 0:45:57]} 16. c3 {[%clk 0:48:44]} fxg2
{[%clk 0:39:23]} 17. Kxg2 {[%clk 0:45:49]} Ne6 {[%clk 0:35:02]} 18. h3
{[%clk 0:42:36]} Nxg5 {[%clk 0:32:48]} 19. hxg4 {[%clk 0:41:39]} Nxe4
{[%clk 0:09:27]} 20. Bxe4 {[%clk 0:41:30]} b5 {[%clk 0:08:02]} 21. Nd2
{[%clk 0:38:01]} Rad8 {[%clk 0:05:06]} 22. Nb3 {[%clk 0:36:56]} Rfe8
{[%clk 0:01:49]} 23. gxh5 {[%clk 0:28:58]} Rxe5 {[%clk 0:02:16]} 24. Bf5
{[%clk 0:27:03]} g6 {[%clk 0:01:36]} 25. hxg6 {[%clk 0:23:45]} hxg6
{[%clk 0:02:05]} 26. Bh3 {[%clk 0:21:26]} Rg5+ {[%clk 0:02:31]} 27. Kh1
{[%clk 0:12:10]} Rg3 {[%clk 0:01:44]} 28. Bg2 {[%clk 0:11:57]} Kg7
{[%clk 0:02:07]} 29. Rf3 {[%clk 0:10:39]} Rh8+ {[%clk 0:02:00]} 30. Kg1
{[%clk 0:10:42]} Bb6+ {[%clk 0:02:18]} 31. Nd4 {[%clk 0:08:28]} Rg4
{[%clk 0:02:27]} 32. Raf1 {[%clk 0:08:23]} f5 {[%clk 0:02:11]} 33. Rd1
{[%clk 0:08:38]} a6 {[%clk 0:01:18]} 34. Kf1 {[%clk 0:08:35]} Rh2
{[%clk 0:01:01]} 35. Rd2 {[%clk 0:08:44]} c5 {[%clk 0:00:46]} 36. Ne6+
{[%clk 0:08:56]} Kf6 {[%clk 0:01:04]} 37. Nf4 {[%clk 0:08:44]} Kg7
{[%clk 0:00:48]} 38. Rd7+ {[%clk 0:08:46]} Kh6 {[%clk 0:00:51]} 39. Kg1
{[%clk 0:03:35]} Rhh4 {[%clk 0:00:58]} 40. Nd5 {[%clk 0:03:45]} Ba5
{[%clk 0:00:45]} 41. Nf6 {[%clk 0:03:00]} Rf4 {[%clk 0:00:37]} 42. Rg3
{[%clk 0:01:04]} g5 {[%clk 0:27:17]} 43. Bd5 {[%clk 0:25:06]} c4 {[%clk 0:07:29]}
44. Ng8+ {[%clk 0:21:01]} Kg6 {[%clk 0:06:42]} 45. Rd6+ {[%clk 0:17:33]} Kg7
{[%clk 0:00:53]} 46. Rxg5+ {[%clk 0:17:19]} Kf8 {[%clk 0:01:20]} 47. Nf6
{[%clk 0:12:49]} Rh8 {[%clk 0:00:39]} 48. Rd7 {[%clk 0:12:25]} Bb6+
{[%clk 0:00:44]} 49. Kg2 {[%clk 0:12:18]} Rf2+ {[%clk 0:00:42]} 50. Kg3
{[%clk 0:12:14]} f4+ {[%clk 0:00:38]} 51. Kg4 {[%clk 0:12:19]} 1-0

[Event "WCO2014"]
[Site "Tromso"]
[Date "2014.08.05"]
[Round "4.13"]
[WhiteID "10002235"]
[White "Mdoe Yusuf"]
[BlackID "8200211"]
[Black "Sanches Romario"]
[Result "0-1"]
[LiveChessVersion "1.4.3"]
[BlackElo "2083"]
[WhiteElo "1707"]

1. e4 {[%clk 1:30:55]} c5 {[%clk 1:30:59]} 2. Nf3 {[%clk 1:30:37]} d6
{[%clk 1:31:27]} 3. c3 {[%clk 1:30:16]} Nf6 {[%clk 1:31:54]} 4. d3
{[%clk 1:30:12]} Nc6 {[%clk 1:31:54]} 5. Be2 {[%clk 1:29:04]} Bg4
{[%clk 1:32:15]} 6. Nbd2 {[%clk 1:28:24]} e6 {[%clk 1:30:18]} 7. h3
{[%clk 1:27:51]} Bh5 {[%clk 1:30:46]} 8. g4 {[%clk 1:27:34]} Bg6 {[%clk 1:30:48]}
9. Nh4 {[%clk 1:27:08]} d5 {[%clk 1:28:11]} 10. Nxg6 {[%clk 1:26:10]} hxg6
{[%clk 1:28:38]} 11. Qa4 {[%clk 1:22:11]} Be7 {[%clk 1:26:10]} 12. e5
{[%clk 1:19:02]} Nd7 {[%clk 1:26:36]} 13. f4 {[%clk 1:16:28]} a6 {[%clk 1:24:32]}
14. Nf3 {[%clk 1:16:03]} b5 {[%clk 1:24:52]} 15. Qc2 {[%clk 1:15:57]} Bh4+
{[%clk 1:23:33]} 16. Kf1 {[%clk 1:15:54]} Be7 {[%clk 1:22:54]} 17. Be3
{[%clk 1:15:52]} Rc8 {[%clk 1:23:05]} 18. d4 {[%clk 1:15:32]} cxd4
{[%clk 1:22:36]} 19. Nxd4 {[%clk 1:15:28]} Nxd4 {[%clk 1:22:11]} 20. Bxd4
{[%clk 1:15:46]} Bc5 {[%clk 1:22:21]} 21. Qd2 {[%clk 1:12:44]} Qb6
{[%clk 1:21:28]} 22. Kg2 {[%clk 1:12:03]} O-O {[%clk 1:20:39]} 23. h4
{[%clk 1:12:09]} Bxd4 {[%clk 1:20:47]} 24. cxd4 {[%clk 1:12:01]} Rc6
{[%clk 1:21:14]} 25. Rac1 {[%clk 1:10:50]} Rfc8 {[%clk 1:21:21]} 26. Rxc6
{[%clk 1:08:50]} Rxc6 {[%clk 1:21:08]} 27. g5 {[%clk 1:08:12]} Qc7
{[%clk 1:20:37]} 28. Bd3 {[%clk 1:07:59]} Qb6 {[%clk 1:19:04]} 29. Qb4
{[%clk 1:06:14]} Nf8 {[%clk 1:17:00]} 30. h5 {[%clk 1:05:14]} a5 {[%clk 1:15:23]}
31. Qe7 {[%clk 0:36:03]} Qxd4 {[%clk 1:01:02]} 32. hxg6 {[%clk 0:33:36]} fxg6
{[%clk 1:00:47]} 33. Rh8+ {[%clk 0:20:45]} Kxh8 {[%clk 1:01:07]} 34. Qxf8+
{[%clk 0:20:45]} Kh7 {[%clk 1:01:36]} 35. Bxg6+ {[%clk 0:19:07]} Kxg6
{[%clk 1:02:04]} 36. Qe8+ {[%clk 0:16:31]} Kf5 {[%clk 1:01:33]} 37. Qxc6
{[%clk 0:15:54]} Qxb2+ {[%clk 1:01:17]} 38. Kg3 {[%clk 0:13:25]} Qa3+
{[%clk 1:00:40]} 39. Kh4 {[%clk 0:10:32]} Qxa2 {[%clk 1:00:47]} 40. Kg3
{[%clk 0:09:43]} Qc4 {[%clk 1:00:25]} 41. Qd7 {[%clk 0:08:56]} Qxf4+
{[%clk 1:00:37]} 42. Kh3 {[%clk 0:09:00]} Qg4+ {[%clk 1:00:40]} 43. Kh2
{[%clk 0:09:12]} Qh4+ {[%clk 1:01:02]} 44. Kg2 {[%clk 0:08:47]} Qxg5+
{[%clk 1:01:30]} 45. Kh1 {[%clk 0:08:37]} Qh4+ {[%clk 0:55:29]} 46. Kg2
{[%clk 0:07:58]} Qe4+ {[%clk 0:55:28]} 47. Kf1 {[%clk 0:06:17]} Qxe5
{[%clk 0:55:16]} 48. Qxb5 {[%clk 0:06:20]} d4 {[%clk 0:53:56]} 49. Qd3+
{[%clk 0:05:36]} Kf6 {[%clk 0:54:24]} 50. Qa3 {[%clk 0:04:23]} d3
{[%clk 0:52:16]} 51. Qf8+ {[%clk 0:03:47]} Kg5 {[%clk 0:52:37]} 52. Kg2
{[%clk 0:02:18]} Qe4+ {[%clk 0:51:27]} 53. Kg1 {[%clk 0:30:40]} Qd4+
{[%clk 1:22:28]} 54. Kg2 {[%clk 0:29:58]} d2 {[%clk 1:19:03]} 55. Qe8
{[%clk 0:28:07]} d1=Q {[%clk 1:14:27]} 56. Qe7+ {[%clk 0:27:18]} Qf6
{[%clk 1:14:43]} 0-1

[Event "WCO2014"]
[Site "Tromso"]
[Date "2014.08.05"]
[Round "4.14"]
[WhiteID "8200041"]
[White "Gajadin Dewperkash"]
[BlackID "10002294"]
[Black "Mwanyika Geoffrey"]
[Result "1-0"]
[LiveChessVersion "1.4.3"]
[BlackElo "1922"]
[WhiteElo "2087"]

1. e4 {[%clk 1:30:57]} e5 {[%clk 1:30:37]} 2. Nf3 {[%clk 1:31:26]} Nc6
{[%clk 1:30:31]} 3. Bc4 {[%clk 1:31:53]} Be7 {[%clk 1:29:01]} 4. d4
{[%clk 1:27:56]} d6 {[%clk 1:28:14]} 5. h3 {[%clk 1:23:51]} exd4 {[%clk 1:22:58]}
6. Nxd4 {[%clk 1:23:51]} Ne5 {[%clk 1:22:40]} 7. Bb3 {[%clk 1:16:13]} c5
{[%clk 1:17:18]} 8. Nf3 {[%clk 1:15:06]} Nxf3+ {[%clk 1:15:03]} 9. Qxf3
{[%clk 1:15:09]} Nf6 {[%clk 1:15:20]} 10. Nc3 {[%clk 1:13:38]} O-O
{[%clk 1:12:57]} 11. Bf4 {[%clk 1:11:55]} Bd7 {[%clk 1:09:57]} 12. O-O
{[%clk 0:57:34]} Bc6 {[%clk 1:09:20]} 13. Rad1 {[%clk 0:57:04]} Qc7
{[%clk 1:08:20]} 14. Nd5 {[%clk 0:55:04]} Nxd5 {[%clk 1:07:32]} 15. Bxd5
{[%clk 0:55:25]} Rad8 {[%clk 1:05:39]} 16. Qg3 {[%clk 0:50:42]} Bxd5
{[%clk 1:02:43]} 17. Rxd5 {[%clk 0:50:48]} Rd7 {[%clk 0:55:05]} 18. Rfd1
{[%clk 0:49:04]} Rfd8 {[%clk 0:55:03]} 19. e5 {[%clk 0:46:27]} Qc6
{[%clk 0:50:13]} 20. exd6 {[%clk 0:45:35]} Bf6 {[%clk 0:45:24]} 21. Be5
{[%clk 0:45:02]} Bxe5 {[%clk 0:44:56]} 22. Qxe5 {[%clk 0:44:26]} b6
{[%clk 0:45:13]} 23. b3 {[%clk 0:41:53]} Kf8 {[%clk 0:44:07]} 24. Re1
{[%clk 0:38:49]} Qc8 {[%clk 0:32:52]} 25. Qf4 {[%clk 0:25:27]} Re8
{[%clk 0:31:00]} 26. Rxe8+ {[%clk 0:22:18]} Qxe8 {[%clk 0:31:10]} 27. c4
{[%clk 0:22:24]} Qe6 28. h4 f6 {[%clk 0:27:23]} 29. Kh2 {[%clk 0:21:02]} g6
{[%clk 0:23:05]} 30. a4 {[%clk 0:18:55]} a5 {[%clk 0:23:05]} 31. g3
{[%clk 0:18:27]} Kg7 {[%clk 0:23:08]} 32. Kg2 {[%clk 0:18:32]} f5
{[%clk 0:22:54]} 33. Kh2 {[%clk 0:18:03]} Kf6 {[%clk 0:20:20]} 34. Qh6
{[%clk 0:15:25]} Qe8 {[%clk 0:15:58]} 35. h5 {[%clk 0:11:51]} Qe2
{[%clk 0:11:41]} 36. Kg2 {[%clk 0:07:31]} Qe4+ {[%clk 0:06:03]} 37. Kf1
{[%clk 0:06:14]} Qh1+ {[%clk 0:06:09]} 38. Ke2 {[%clk 0:05:56]} Qxh5+
{[%clk 0:06:30]} 39. Qxh5 {[%clk 0:06:17]} gxh5 {[%clk 0:06:49]} 40. Kf3
{[%clk 0:06:34]} Kg5 {[%clk 0:06:02]} 41. Rd1 {[%clk 0:06:40]} h4
{[%clk 0:05:34]} 42. gxh4+ {[%clk 0:06:41]} Kxh4 {[%clk 0:05:13]} 43. Kf4
{[%clk 0:07:02]} Kh3 {[%clk 0:04:31]} 44. Kxf5 {[%clk 0:05:56]} Kg2
{[%clk 0:04:07]} 45. Ke6 {[%clk 0:05:54]} Rg7 {[%clk 0:03:56]} 46. d7
{[%clk 0:05:52]} Rxd7 {[%clk 0:01:03]} 47. Rxd7 {[%clk 0:06:13]} Kxf2
{[%clk 0:01:28]} 48. Rxh7 {[%clk 0:06:26]} Ke3 {[%clk 0:01:55]} 49. Kd5
{[%clk 0:06:17]} Kd3 {[%clk 0:02:14]} 50. Rh3+ {[%clk 0:06:37]} Kc2
{[%clk 0:02:35]} 1-0

[Event "WCO2014"]
[Site "Tromso"]
[Date "2014.08.05"]
[Round "4.16"]
[WhiteID "8200165"]
[White "Giasi Viresh"]
[BlackID "10001875"]
[Black "Mwaisumbe Emmanuel"]
[Result "1-0"]
[LiveChessVersion "1.4.3"]
[BlackElo "1685"]
[WhiteElo "1929"]

1. e4 {[%clk 1:30:57]} c5 {[%clk 1:28:48]} 2. Nc3 {[%clk 1:31:25]} d6
{[%clk 1:27:50]} 3. f4 {[%clk 1:31:41]} Nf6 {[%clk 1:26:40]} 4. Nf3
{[%clk 1:31:39]} Nc6 {[%clk 1:26:33]} 5. Bc4 {[%clk 1:30:22]} e6 {[%clk 1:19:45]}
6. O-O {[%clk 1:29:48]} Be7 {[%clk 1:18:15]} 7. d3 {[%clk 1:25:15]} O-O
{[%clk 1:17:25]} 8. Bb3 {[%clk 1:25:28]} Kh8 {[%clk 1:10:49]} 9. Ne2
{[%clk 1:21:41]} a6 {[%clk 1:08:16]} 10. c3 {[%clk 1:21:21]} b5 {[%clk 1:05:44]}
11. Bc2 {[%clk 1:21:02]} Bb7 {[%clk 1:02:48]} 12. Ng3 {[%clk 1:16:46]} Qc7
{[%clk 0:55:19]} 13. Ng5 {[%clk 0:59:56]} h6 {[%clk 0:48:23]} 14. Nh3
{[%clk 0:59:51]} a5 {[%clk 0:45:32]} 15. f5 {[%clk 0:57:27]} b4 {[%clk 0:31:49]}
16. fxe6 {[%clk 0:56:16]} fxe6 {[%clk 0:32:17]} 17. Nf4 {[%clk 0:56:22]} Qd7
{[%clk 0:30:34]} 18. Ng6+ {[%clk 0:55:30]} Kh7 {[%clk 0:31:02]} 19. Nxf8+
{[%clk 0:55:38]} Rxf8 {[%clk 0:31:30]} 20. d4 {[%clk 0:55:05]} Kh8
{[%clk 0:28:49]} 21. Qd3 {[%clk 0:51:06]} Qc8 {[%clk 0:25:40]} 22. e5
{[%clk 0:49:16]} c4 {[%clk 0:24:56]} 23. Qg6 {[%clk 0:46:57]} Qe8
{[%clk 0:25:23]} 24. Rxf6 {[%clk 0:46:18]} Qxg6 {[%clk 0:25:49]} 25. Rxf8+
{[%clk 0:46:27]} Bxf8 {[%clk 0:23:50]} 26. Bxg6 {[%clk 0:46:54]} dxe5
{[%clk 0:23:58]} 27. Be3 {[%clk 0:46:42]} exd4 {[%clk 0:23:02]} 28. Bxd4
{[%clk 0:46:46]} Nxd4 {[%clk 0:22:28]} 29. cxd4 {[%clk 0:47:13]} Be7
{[%clk 0:22:34]} 30. Nh5 {[%clk 0:45:07]} Bg5 {[%clk 0:20:11]} 31. Rf1
{[%clk 0:44:47]} Be3+ {[%clk 0:13:59]} 32. Kh1 {[%clk 0:45:00]} Kg8
{[%clk 0:14:21]} 33. Re1 {[%clk 0:41:12]} Bxd4 {[%clk 0:13:49]} 34. Rxe6
{[%clk 0:41:11]} Bc5 {[%clk 0:12:49]} 35. Re8+ {[%clk 0:41:04]} Bf8
{[%clk 0:12:53]} 36. Nf4 {[%clk 0:41:29]} Bc6 {[%clk 0:11:50]} 37. Rd8
{[%clk 0:41:56]} c3 {[%clk 0:10:40]} 38. bxc3 {[%clk 0:42:12]} bxc3 39. Ne6 c2
{[%clk 0:08:25]} 40. Rxf8# {[%clk 0:42:28]} 1-0